| 000 | 00559nam a2200193Ia 4500 | ||
|---|---|---|---|
| 003 | OSt | ||
| 005 | 20200814150142.0 | ||
| 008 | 190216s9999||||xx |||||||||||||| ||und|| | ||
| 020 | _a9780521682138 | ||
| 040 | _coclc | ||
| 082 |
_a547.2 _bCAR/M |
||
| 100 |
_aCarruthers, W _94146 |
||
| 245 | 0 |
_aModern Methods Of Organic Synthesis / _cW Carruthers ; Iain Coldham |
|
| 250 | _a4th Ed. | ||
| 260 |
_bCambridge Uty Press, _aUK: _c2005. |
||
| 300 | _a493p | ||
| 650 | _aChemistry-Chemistry | ||
| 942 |
_cBK _2ddc _h547.2 _iCAR/M _k547.2 _mCAR/M |
||
| 999 |
_c3256 _d3256 |
||